Lead poisoning.

Bibliographic Details
Format: Government Document eBook
Language:English
Published: [Place of publication not identified] : [publisher not identified], [1929]
Series:Public Health Broadcast No. 338
Subjects:
Online Access:Connect to the full text of this electronic document

MARC

Tag First Indicator Second Indicator Subfields
LEADER 00000cam a22000001a 4500
001 in00003671439
005 20190408173822.0
006 m o d f
007 cr bn mmmapmmp
008 030810s1929 dcu o f000 0 eng d
035 |a ebd191003592 
040 |a UMI  |c UMI  |d UtOrBLW 
086 0 |a T 27.35:338 
099 |a T27.35-338 
245 0 0 |a Lead poisoning. 
264 1 |a [Place of publication not identified] :  |b [publisher not identified],  |c [1929] 
300 |a 1 online resource (6 pages) 
336 |a text  |b txt  |2 rdacontent 
337 |a computer  |b c  |2 rdamedia 
338 |a online resource  |b cr  |2 rdacarrier 
490 0 |a Public Health Broadcast No. 338 
500 |a [Text of radio broadcast on causes, symptoms, prevention and treatment] 
500 |a Record is based on bibliographic data in ProQuest U.S. Executive Branch Documents, 1910-1932. Reuse except for individual research requires license from ProQuest, LLC. 
533 |a Electronic reproduction.  |b [Bethesda, Md.] :  |c ProQuest,  |d 2012.  |e digital, PDF file.  |n ProQuest U.S. Executive Branch Documents, 1910-1932.  |n Mode of access: World Wide Web via ProQuest website. 
538 |a System requirements: PDF reader software. 
500 |a Electronic resource. 
650 0 |a Lead poisoning.  |0 http://id.loc.gov/authorities/subjects/sh94009453 
655 7 |a Electronic books.  |2 local 
776 1 8 |i Microfiche version:  |t Lead poisoning  |d [Bethesda, Md.] : ProQuest,[2012]  |o CIS US Exec MF T27.35-338  |w (ProQuest)cis19112320 
856 4 0 |u http://proxy.library.tamu.edu/login?url=http://congressional.proquest.com/congressional/docview/t66.d71.t27.35-338  |z Connect to the full text of this electronic document  |t 0 
999 f f |s 12efd95e-3ac6-3f54-adbb-a08cbd813f69  |i e5631c94-1532-30ca-bda6-d6f5eb46baec  |t 0 
952 f f |a Texas A&M University  |b College Station  |c Electronic Resources  |d Available Online  |t 0  |h No information provided 
998 f f |t 0  |l Available Online